00757nam a22001817a 4500003000200000005001700002008004100019050002500060100002500085245009000110260007100200300006300271500005100334504005600385650004900441650004500490650004000535020250206173719.0250206b xxu||||| |||| 00| 0 eng d aML 82b.C39 2023  aCayetano, Nicole M.  aAn online forrum application based on korean pop idol photocards.cNicole M. Cayetano aLas Pinas CitybSouthville International School and Collegesc2023 axi, 108 pages:bcolored pictures and illustrations;c28cm. aBachelor of Science in Information Technology. aIncludes bibliographical references and appendices. aDigital platforms — Fan-based communities. aOnline forums — K-pop fan communities. aPhotocards (K-pop) — Fan culture.